El Quijote para todos (Record no. 2243)

MARC details
000 -CABECERA
campo de control de longitud fija 01985nam a2200277 a 4500
001 - NÚMERO DE CONTROL
campo de control BRCA_2502
005 - FECHA Y HORA DE LA ÚLTIMA TRANSACCIÓN
campo de control 20190320203836.0
008 - DATOS DE LONGITUD FIJA--INFORMACIÓN GENERAL
campo de control de longitud fija 241108s1856----sp-#---###---#000-0#spa-u
041 ## - CÓDIGO DE LENGUA
Código de lengua del texto/banda sonora o título independiente spa
044 ## - CÓDIGO DEL PAÍS DE LA ENTIDAD EDITORA/PRODUCTORA
Código MARC del país sp
084 ## - OTRO NÚMERO DE CLASIFICACIÓN
Número de clasificación 142
Número de documento/Ítem .R64
-- 1856
100 1# - ENTRADA PRINCIPAL--NOMBRE DE PERSONA
Nombre de persona Cervantes Saavedra, Miguel de
Fechas asociadas al nombre 1547-1616
9 (RLIN) 213
245 10 - MENCIÓN DE TÍTULO
Título El Quijote para todos
Resto del título abreviado y anotado por un entusiasta de su autor
Mención de responsabilidad, etc. Miguel de Cervantes Saavedra ; Fernando de Castro.
260 ## - PUBLICACIÓN, DISTRIBUCIÓN, ETC.
Lugar de publicación, distribución, etc. Madrid
Nombre del editor, distribuidor, etc. José Rodríguez
300 ## - DESCRIPCIÓN FÍSICA
Extensión 620 p.
Dimensiones 20 cm.
500 ## - NOTA GENERAL
Nota general Contenido : Primera parte. Prólogo del anotador. Prólogo del autor. Versos preliminares. Texto. Segunda parte. Dedicatoria del autor. Texto
500 ## - NOTA GENERAL
Nota general Edición muy mutilada. (Texto de la primera parte en 35 capítulos, y el de la segunda parte en 57 capítulos). Su abreviador, Fernando de Castro, expone en el prólogo las razones que tuvo para suprimir la novela del Curioso impertinente, la parte del capítulo VI que trata del escrutinio de la Biblioteca de D. Quijote, el final del capítulo XLVIII donde el canónigo de Toledo prosigue el debate sobre los libros de caballería, los pasajes que como prólogos sirven de introducción a varios capítulos, todos los sonetos que sirven como de principios y fin de la primera parte, los que compuso D. Quijote en Sierra Morena, los versos desesperados del pastor Grisóstomo, la glosa y el soneto de Lorenzo, el hijo del Caballero del Verde Gabán, y algunos más. Modifica, además, escenas como la de Maritornes, sustituyendo ciertas palabras, según él, nada decentes y aun deshonestas. Semipiel; lomera dorada Lúdovik Osterc
500 ## - NOTA GENERAL
Nota general QM127
650 14 - PUNTO DE ACCESO ADICIONAL DE MATERIA--TÉRMINO DE MATERIA
Término de materia o nombre geográfico como elemento de entrada Novela española
Subdivisión cronológica Época clásica, 1500-1700
9 (RLIN) 215
650 14 - PUNTO DE ACCESO ADICIONAL DE MATERIA--TÉRMINO DE MATERIA
Término de materia o nombre geográfico como elemento de entrada Literatura española
Subdivisión cronológica Época clásica, 1500-1700
9 (RLIN) 216
650 14 - PUNTO DE ACCESO ADICIONAL DE MATERIA--TÉRMINO DE MATERIA
Término de materia o nombre geográfico como elemento de entrada Novela española
Subdivisión cronológica Siglo XVII
9 (RLIN) 217
650 14 - PUNTO DE ACCESO ADICIONAL DE MATERIA--TÉRMINO DE MATERIA
Término de materia o nombre geográfico como elemento de entrada Don Quijote (Personaje ficticio)
Término indicativo de función/relación Novela
9 (RLIN) 218
740 0# - PUNTO DE ACCESO ADICIONAL--TÍTULO RELACIONADO O ANALÍTICO NO CONTROLADO
Título relacionado o analítico no controlado El Ingenioso Hidalgo Don Quijote de la Mancha
902 ## - CATALOGADOR
Iniciales QFM
942 ## - ELEMENTOS DE PUNTO DE ACCESO ADICIONAL (KOHA)
Fuente del sistema de clasificación o colocación Library of Congress Classification
Tipo de ítem Koha Libros
Holdings
Estado de retiro Estado de pérdida Estado dañado No para préstamo Localización permanente Ubicación/localización actual Fecha de adquisición Número de inventario Total de préstamos Signatura topográfica completa Código de barras Fecha visto por última vez Precio válido a partir de Tipo de ítem Koha
El ejemplar forma parte de la colección y puede ser consultado según las políticas vigentes.       Biblioteca del Museo Franz Mayer (Rogerio Casas-Alatriste) Biblioteca del Museo Franz Mayer (Rogerio Casas-Alatriste) 24/11/2008 QM127   142 .R64 1856 (QM127) 2499 22/03/2019 22/03/2019 Libros